• 首页
  • 本馆介绍
  • 公告通知
  • 最新文献
  • 馆藏检索
  • 电子资源
  • 读者导购
  • 参考咨询
  • 我的图书馆
  • 登录
  • 详细信息显示
  • 放入我的书架
  • 预约/预借图书
  • 作者相关作品
  • 分类相关作品
  • 丛书相关作品
  • 出版社相关作品

书目信息

  • 表格格式
  • 工作单格式
  • 卡片格式
题名:
大咖谈肺癌
    
 
作者: 支修益 , 李治中 主编
分册:  
出版信息: 北京   清华大学出版社  2022
页数: 145页
开本: 21cm
丛书名:
单 册:
中图分类: R734.2
科图分类:
主题词: 肺癌--防治
电子资源:
ISBN: 978-7-302-59493-2
000 00864nam0 2200241 450
001 2273111848
005 20220928201846.22
010    @a978-7-302-59493-2@dCNY49.00
100    @a20220315d2022 em y0chiy50 ea
101 0  @achi
102    @aCN@b110000
105    @aa z 000yy
200 1  @a大咖谈肺癌@9da ka tan fei ai@f支修益,李治中主编
210    @a北京@c清华大学出版社@d2022
215    @a145页@c图@d21cm
300    @a原点阅读
330    @a本书作者就肺癌的预防、筛查、诊断、治疗及康复等大众关心的话题采访了国内在肺癌治疗和研究领域的知名专家,采用问答的方式,将肺癌的相关知识用通俗易懂的语言表达出来,对癌症患者及家属,以及体检查出肺部结节的人群有很好的指导作用。
606 0  @a肺癌@x防治
690    @aR734.2@v5
701  0 @a支修益@9zhi xiu yi@4主编
701  0 @a李治中@9li zhi zhong@4主编
801  0 @aCN@b91MARC@c20220317
905    @aZUCC@dR734.2@e15
    
    大咖谈肺癌/支修益,李治中主编.-北京:清华大学出版社,2022
    145页:图;21cm
    原点阅读
    
    ISBN 978-7-302-59493-2:CNY49.00
    本书作者就肺癌的预防、筛查、诊断、治疗及康复等大众关心的话题采访了国内在肺癌治疗和研究领域的知名专家,采用问答的方式,将肺癌的相关知识用通俗易懂的语言表达出来,对癌症患者及家属,以及体检查出肺部结节的人群有很好的指导作用。
●
相关链接 在五车中查询图书 在当当中查询图书 在豆瓣中查询图书


正题名:大咖谈肺癌     索取号:R734.2/15         预约/预借

序号 登录号 条形码 馆藏地/架位号 状态 备注
1 2000905582   2000905582   第三书库/ [索取号:R734.2/15] 在馆    
2 2000905583   2000905583   第三书库/ [索取号:R734.2/15] 在馆    
3 2000905584   2000905584   第三书库/ [索取号:R734.2/15] 在馆    
山东省滨州职业学院图书馆 欢迎您!
大连网信软件有限公司© 版权所有